| 000 | 00979nas a22002897 4500 | ||
|---|---|---|---|
| 001 | nlp00002910 | ||
| 003 | OSt | ||
| 005 | 20171010095505.0 | ||
| 008 | 960819s1979|||| eng | ||
| 035 | _a(elib)nlp00002910 | ||
| 040 |
_aNLP _cULS |
||
| 082 | _a630.715 | ||
| 100 | 1 |
_aDy, Mary Ebitha Y. _911875 |
|
| 245 | 1 |
_aCommunication participation and outputs of tobacco farmers, 1979 : _cMary Ebitha Y. Dy. |
|
| 260 | _c1979. | ||
| 300 |
_axv, 233 leaves ; _c28 cm. |
||
| 500 | _aThesis (MS Development Communication) - University of the Philippines, College, Laguna. | ||
| 500 | _aBibliography: leaves 199-206. - Vita. | ||
| 546 | _aEnglish. | ||
| 650 |
_aCommunication in agriculture - Philippines. _911876 |
||
| 650 |
_aTobacco workers - Philippines. _911877 |
||
| 940 | _aNLP | ||
| 942 |
_2ddc _cTHEDIS |
||
| 999 |
_c9671 _d9671 |
||